| 000 | 00438nam a22001697a 4500 | ||
|---|---|---|---|
| 999 |
_c187969 _d187969 |
||
| 005 | 20220506111314.0 | ||
| 010 | _aENG-132535 | ||
| 020 |
_a9789388398077 _c199.00 |
||
| 035 | _aEN-116067 | ||
| 037 | _bDBAD/PUB | ||
| 082 | _a613.71 | ||
| 100 | _aOsh, Sinoj Joseph | ||
| 245 |
_aCommit to Be Fit/ _cSinoj Joseph Osh |
||
| 260 | _bShanlax Publication | ||
| 300 |
_a140p. _c22cm(pbk) |
||
| 942 |
_2ddc _cEN _h613.71 _mOSH |
||